000 00314nam a2200133Ia 4500
008 190216s9999||||xx |||||||||||||| ||und||
100 _aGeoffrey Gordon
245 0 _aSystem Simultation
250 _a2nd Ed.
260 _bPrentice Hall Of India Pvt Ltd
_c1990
300 _a324
650 _aComputer
942 _cBK
999 _c8396
_d8396